Bilecik Bilecik Bilecik Bilecik Bilecik

Akıllı kişiler için felsefe rehberi/ (Record no. 65304)

MARC details
000 -BAŞLIK
Sabit Uzunluktaki Kontrol Alanı 01227nam a22003857a 4500
001 - KONTROL NUMARASI
Control Dosyası 0065053
003 - KONTROL NUMARASI KİMLİĞİ
Kontrol Alanı KOHA_MİRAKIL
005 - EN SON İŞLEM TARİHİ ve ZAMANI
Kontrol Alanı 20260207004540.0
007 - FİZİKSEL TANIM SABİT ALAN - GENEL BİLGİ
Sabit uzunluklu kontrol alanı ta
008 - SABİT UZUNLUKTAKİ VERİ ÖGELERİ - GENEL BİLGİ
Sabit Alan 191120b2016 tu |||gr||||#0|||0|tur |
020 ## - ISBN - ULUSLARARASI STANDART KİTAP NUMARASI
Isbn 9786053141396
020 ## - ISBN - ULUSLARARASI STANDART KİTAP NUMARASI
Isbn
-- 6053141399
040 ## - KATALOGLAMA KAYNAĞI
Özgün Kataloglama Kurumu TR-BiSEU
Kataloglama Dili tur
Çeviri Kurumu TR-BiSEU
Açıklama Kuralları rda
041 0# - DİL KODU
Metin ya da ses kaydının dil kodu tur
044 ## - YAYINLAYAN/ÜRETEN KURULUŞUN ÜLKE KODU
ISO country code tu
050 ## - SINIFLAMA ve YER NUMARASI
Sınıflama Numarası BD21
Yer Numarası .S43 2016
100 1# - KİŞİ ADI
Yazar Adı (Kişi adı) Scruton, Roger.
240 10 - TEK BİÇİM BAŞLIK
Tekbiçim Başlık <a href="An intelligent person's guide to philosophy.">An intelligent person's guide to philosophy.</a>
Language of a work Türkçe
245 1# - ESER ADI BİLDİRİMİ
Başlık Akıllı kişiler için felsefe rehberi/
Sorumluluk Bildirimi Roger Scruton ; Roger Scruton; İngilizce'den çeviren Eşref Armağan Eşkinat.
264 #1 - ÜRERİM, YAYIN, DAĞITIM ve TELİF BİLDİRİMİ
Yayın yeri İstanbul :
Yayınlayan Ayrıntı
Yayın tarihi 2016
300 ## - FİZİKSEL TANIMLAMA
Sayfa, Cilt vb. 160 sayfa; 20 cm
336 ## - İÇERİK TÜRÜ
Content type term metin
Content type code txt
Source rdacontent
337 ## - MEDYA TÜRÜ
Media type term aracısız
Media type code n
Source rdamedia
338 ## - TAŞIYICI TÜRÜ
Carrier type term cilt
Carrier type code nc
Source rdacarrier
490 1# - DİZİ BİLDİRİMİ
Dizi Bildirimi Ayrıntı ;
Cilt Numarası 1035.
490 1# - DİZİ BİLDİRİMİ
Dizi Bildirimi Felsefe dizisi ;
Cilt Numarası 9
500 ## - GENEL NOT
Genel Not Özgün adı: An intelligent person's guide to philosophy.
500 ## - GENEL NOT
Genel Not Kaynakça ve dizin var.
650 #0 - KONU BAŞLIĞI EK GİRİŞ - KONU TERİMİ
Konusal terim veya coğrafi ad Felsefe--Giriş.
9 (RLIN) 61472
650 #0 - KONU BAŞLIĞI EK GİRİŞ - KONU TERİMİ
Konusal terim veya coğrafi ad Philosophy--Introductions.
9 (RLIN) 32021
830 1# - SERİ EK GİRİŞİ - TEKBİÇİM ESER ADI
Tekbiçim Başlık Ayrıntı ;
Volume number/sequential designation 1035.
9 (RLIN) 11262
830 1# - SERİ EK GİRİŞİ - TEKBİÇİM ESER ADI
Tekbiçim Başlık Felsefe dizisi ;
Volume number/sequential designation 9
9 (RLIN) 7405
907 ## - LOCAL DATA ELEMENT G, LDG (RLIN)
a Felsefe
942 ## - EK GİRİŞ ÖGELERİ (KOHA)
Source of classification or shelving scheme Library of Congress Classification
Koha item type Book
Holdings
Materyal Türü Kalıcı Konum Mevcut Konum Raf Yeri Sınıflandırma Kaynağı Edinim Bilgisi Ana Konular Alt Konular Yer Numarası Demirbaş Numarası Fatura Tarihi Geri Çekilme Durumu Kayıp Durumu Hasarlı Durumu Kredi için değil Kayıt Tarih Toplam Ödünçverme Son Görülme Tarihi Son Kontrol Tarihi
Book Prof. Dr. Azmi Özcan Kütüphanesi Prof. Dr. Azmi Özcan Kütüphanesi Uluğbey Salonu Library of Congress Classification Satın FELSEFE, PSİKOLOJİ, DİN Spekülatif Felsefe BD21 .S43 2016 0065053 02/02/2026         20/11/2019 2 05/03/2025 05/03/2025